000 00651nam a2200193Ia 4500
008 151121s9999||||xx |||||||||||||| ||und||
082 _aबा। वि।
082 _bHNW-73648
100 _aशिरवाडकर वसंत
245 _aस्फूर्तिचित्रे
260 _b"पृथ्वी प्रकाशन, मुंबई।"
260 _c--
300 _a80
600 _aशिरवाडकर वसंत
630 _aस्फूर्तिचित्रे
700 _aशिरवाडकर वसंत
730 _aस्फूर्तिचित्रे
942 _cBOOK
999 _c1255104
_d1255101